| 000 | 00713nam a2200277Ia 4500 | ||
|---|---|---|---|
| 008 | 170203s9999 xx 000 0 und d | ||
| 020 | _a0-590461923 | ||
| 050 | _aFic | ||
| 050 | _bC554w | ||
| 100 | _aChristensen, Nancy. | ||
| 245 | _aWho am I? / | ||
| 245 | _cby Nancy Christensen ; illustrated by Rowan Barnes-Murphy. | ||
| 260 | _aNew York : | ||
| 260 | _bScholastic, | ||
| 260 | _c1993 | ||
| 300 | _a1 volume (unpaged) : | ||
| 300 | _bcolor illustrations ; | ||
| 300 | _c23 cm. | ||
| 500 | _a"Cartwheel Books." | ||
| 650 | _aAnimals -- | ||
| 650 | _aAnimals. | ||
| 650 | _aLiterary recreations. | ||
| 650 | _aPicture books. | ||
| 650 | _aStories in rhyme. | ||
| 650 | _xFiction. | ||
| 999 |
_c306351 _d306351 |
||